Evidence-based practice for nurses & health care professionals

Saved in:
Bibliographic Details
Main Author: BARKER, Janet
Format: Book
Language:English
Published: Sage 2016
Tags: Add Tag
No Tags, Be the first to tag this record!

MARC

LEADER 00000nam a22000007a 4500
008 210122b ||||| |||| 00| 0 eng d
020 |a 978-1-4739-2503-8 
100 |a BARKER, Janet. 
245 |a Evidence-based practice for nurses & health care professionals  |c Janet Barker, Paul Linsley & Ros Kane  |g xii, 228p.; ill. 
250 |b 3rd ed.  
260 |b Sage  |c 2016  |h Los Angeles:   |i 693327  |i 693328  |l RC455.2 .E94B24  |m Evidence-based nursing. 
500 |a “It includes references and index” 
942 |a ddc  |c BK  |e Adeniran, F. A  |f 22/01/2021 
952 |0 0  |1 0  |2 lcc  |4 0  |6 RC04552 E94 B24  |7 0  |9 1481  |a HOL  |b HE  |c QZ  |d 2021-01-22  |l 0  |o RC455.2 .E94B24  |p 2021-0278  |r 2021-01-22 00:00:00  |w 2021-01-22  |y BK 
952 |0 0  |1 0  |2 lcc  |4 0  |6 RC04552 E94 B24  |7 0  |9 1487  |a HOL  |b HOL  |c QZ  |d 2021-01-22  |l 0  |o RC455.2 .E94B24  |p 2021-0284  |r 2021-01-22 00:00:00  |w 2021-01-22  |y BK 
999 |c 775  |d 775